Statistics for River to Country - Tile Select

Click here to take the quiz!

General Stats

  • This quiz has been taken 101 times
  • The average score is 33 of 45

Answer Stats

QuestionTileSelect% Correct
GermanyAdigeNo
98%
GermanyRhineYes
96%
GermanyNemanNo
95%
GermanyVistulaNo
95%
BrazilAmazonYes
91%
RussiaVolgaYes
91%
IndiaGangesYes
87%
RussiaSyr DaryaNo
87%
GermanyElbeYes
85%
CanadaYukonYes
85%
IndiaYangtzeNo
84%
IndiaMekongNo
83%
CanadaMississippiNo
83%
BrazilTagusNo
83%
CanadaOhioNo
82%
CanadaSt LawrenceYes
82%
CanadaShannonNo
81%
GermanyDanubeYes
80%
BrazilDouroNo
79%
RussiaSavaNo
79%
CanadaMackenzieYes
78%
GermanyWeserYes
78%
IndiaBrahmaputraYes
77%
BrazilParanáYes
76%
CanadaDarlingNo
75%
RussiaUralYes
75%
IndiaAmu DaryaNo
72%
GermanyMainYes
72%
GermanyRhôneNo
72%
IndiaIndusYes
71%
RussiaLenaYes
67%
BrazilMagdalenaNo
65%
RussiaDonYes
64%
BrazilPilcomayoNo
64%
RussiaYeniseyYes
64%
IndiaIrrawaddyNo
61%
RussiaAmurYes
59%
BrazilParaguayYes
59%
IndiaKrishnaYes
57%
CanadaColumbiaYes
56%
RussiaDnestrNo
56%
BrazilOrinocoNo
47%
IndiaGodavariYes
43%
CanadaAthabascaYes
41%
BrazilMadeiraYes
36%

Score Distribution

Percentile by Number Answered

Percent of People with Each Score

Your Score History

You have not taken this quiz